[Event "64th POL-ch (w)"]
[Site "Warsaw POL"]
[Date "2012.02.23"]
[Round "6"]
[White "Kulon, Klaudia"]
[Black "Zawadzka, Jolanta"]
[Result "1-0"]
[WhiteElo "2238"]
[BlackElo "2358"]
[EventDate "2012.02.18"]
[PlyCount "117"]

1.e4 e5 2.Nf3 Nc6 3.Bb5 Nf6 4.O-O Nxe4 5.Re1 Nd6 6.Nxe5 Be7 7.Bf1 Nxe5 8.
Rxe5 O-O 9.d4 Bf6 10.Re1 Nf5 11.c3 d5 12.Bf4 c6 13.Nd2 Nh4 14.h3 Bf5 15.
Nf3 Ng6 16.Bg3 a5 17.Bd3 Bxd3 18.Qxd3 a4 19.Re2 Re8 20.Rae1 Rxe2 21.Rxe2 
Qd7 22.Kf1 b6 23.a3 h6 24.Ne5 Bxe5 25.Bxe5 Re8 26.Bg3 Rc8 27.f3 Nf8 28.Qa6
b5 29.Re7 Qxe7 30.Qxc8 Kh7 31.Qxc6 Qg5 32.Be1 Ne6 33.h4 Qc1 34.Qxb5 Nf4 
35.g3 Nh5 36.Kf2 f5 37.Qe2 Qb1 38.Qd2 Nf6 39.Qe2 Nd7 40.c4 dxc4 41.d5 Nc5 
42.Kg2 f4 43.Bc3 fxg3 44.Qxc4 Qc2+ 45.Kxg3 Qg6+ 46.Qg4 Qd6+ 47.Kh3 Qf8 48.
Bb4 Kh8 49.Kg2 Qb8 50.Bxc5 Qxb2+ 51.Kh3 Qc1 52.Qg1 Qf4 53.Qe3 Qf5+ 54.Kh2 
Qc2+ 55.Qf2 Qf5 56.d6 Qd5 57.Qe3 Qd1 58.Kg3 Kg8 59.Bd4 1-0

[Event "64th POL-ch (w)"]
[Site "Warsaw POL"]
[Date "2012.02.23"]
[Round "6"]
[White "Majdan-Gajewska, Joanna"]
[Black "Matras-Clement, Agnieszka"]
[Result "1-0"]
[WhiteElo "2387"]
[BlackElo "2305"]
[EventDate "2012.02.18"]
[PlyCount "83"]

1.e4 e5 2.Nf3 Nc6 3.Bb5 a6 4.Ba4 Nf6 5.d3 b5 6.Bb3 Be7 7.O-O O-O 8.a4 Bb7 
9.Re1 d6 10.c3 Na5 11.Ba2 c5 12.Nbd2 Qd7 13.Nf1 bxa4 14.Ne3 Bc6 15.Nd2 
Rfb8 16.Nec4 Bd8 17.Re3 Nxc4 18.Nxc4 Bc7 19.Rg3 d5 20.Qf3 Ne8 21.Ne3 dxe4 
22.dxe4 Rd8 23.h4 Rab8 24.Bc4 Rb6 25.h5 Bb7 26.Bd5 Bxd5 27.Nxd5 Re6 28.c4 
Rb8 29.Qa3 Nf6 30.h6 g6 31.Rd3 Qc6 32.Qxa4 Qxa4 33.Rxa4 Nxd5 34.cxd5 Reb6 
35.Rda3 Ra8 36.Be3 Bd6 37.Ra5 Rxb2 38.Rxa6 Rxa6 39.Rxa6 Bb8 40.Bxc5 Rb1+ 
41.Kh2 Rb5 42.Ra8 1-0

[Event "64th POL-ch (w)"]
[Site "Warsaw POL"]
[Date "2012.02.23"]
[Round "6"]
[White "Rajlich, Iweta"]
[Black "Chrzaszcz, Malvina"]
[Result "1/2-1/2"]
[WhiteElo "2428"]
[BlackElo "2074"]
[EventDate "2012.02.18"]
[PlyCount "113"]

1.g3 Nf6 2.Bg2 d5 3.c4 e6 4.Nf3 Be7 5.O-O O-O 6.Qc2 c5 7.cxd5 Nxd5 8.Nc3 
Nc6 9.a3 Nxc3 10.dxc3 Bf6 11.Be3 Qa5 12.Nd2 Be7 13.b4 cxb4 14.cxb4 Qb5 15.
Qc4 a6 16.Qxb5 axb5 17.Bxc6 bxc6 18.Nb3 Bf6 19.Bd4 e5 20.Bc5 e4 21.Bxf8 
Bxa1 22.Rxa1 Kxf8 23.Nc5 Bf5 24.Kf1 Ke7 25.Ke1 Kd6 26.Kd2 Ke5 27.Kc3 Bg4 
28.Ra2 Ra7 29.Kd2 Be6 30.Ra1 Bc4 31.Ke3 f5 32.f4+ Kd6 33.Kd2 g6 34.e3 Bd5 
35.Kc3 Ke7 36.h3 h5 37.Kd4 Kd6 38.g4 hxg4 39.hxg4 Ra8 40.g5 Rh8 41.a4 Rh2 
42.Kc3 bxa4 43.Rxa4 Ra2 44.Rxa2 Bxa2 45.Kd4 Bd5 46.Na4 Bg8 47.Kc3 Be6 48.
Kb2 Bc4 49.Nc5 Ke7 50.Nb7 Kd7 51.Kc3 Bd5 52.Kd4 Kc7 53.Ke5 Kxb7 54.Kf6 Kc7
55.Kxg6 Be6 56.Kg7 Kd6 57.Kf8 1/2-1/2

[Event "64th POL-ch (w)"]
[Site "Warsaw POL"]
[Date "2012.02.24"]
[Round "7"]
[White "Chrzaszcz, Malvina"]
[Black "Kulon, Klaudia"]
[Result "0-1"]
[WhiteElo "2074"]
[BlackElo "2238"]
[EventDate "2012.02.18"]
[PlyCount "74"]

1.e4 c5 2.Nf3 d6 3.d4 cxd4 4.Nxd4 Nf6 5.Nc3 Nc6 6.Bg5 e6 7.Qd2 a6 8.O-O-O 
Bd7 9.f3 h6 10.Be3 h5 11.Kb1 Rc8 12.Bg5 Be7 13.h4 Ne5 14.Rh3 b5 15.Bd3 Nc4
16.Bxc4 Rxc4 17.Rg3 b4 18.Nce2 Qb8 19.e5 dxe5 20.Nf5 exf5 21.Bxf6 Bxf6 22.
Qxd7+ Kf8 23.Qxf5 Qc8 24.Qd3 Rh6 25.b3 Rc5 26.Qe4 Be7 27.f4 f5 28.Qe3 Re6 
29.Qf3 e4 30.Qf1 Rec6 31.Nd4 Rd6 32.Qe2 Rcd5 33.Qxh5 Kg8 34.Rg6 Rxd4 35.
Rxd6 Rxd6 36.Rxd6 Bxd6 37.Qd1 Qc6 0-1

[Event "64th POL-ch (w)"]
[Site "Warsaw POL"]
[Date "2012.02.24"]
[Round "7"]
[White "Jaracz, Barbara"]
[Black "Rajlich, Iweta"]
[Result "1-0"]
[WhiteElo "2281"]
[BlackElo "2428"]
[EventDate "2012.02.18"]
[PlyCount "115"]

1.e4 e6 2.d4 d5 3.Nd2 Nd7 4.Ngf3 Ne7 5.c3 c5 6.Bb5 a6 7.Bxd7+ Bxd7 8.dxc5 
Ng6 9.exd5 exd5 10.O-O Be7 11.Nb3 Bb5 12.Re1 O-O 13.Be3 Rc8 14.Nfd4 Bc4 
15.Nf5 Re8 16.Bd4 Bf8 17.Rxe8 Qxe8 18.Na5 Qb5 19.b4 Re8 20.Nxc4 dxc4 21.
Ne3 a5 22.a3 Qc6 23.Qg4 Re4 24.Qf5 Ne7 25.b5 Nxf5 26.bxc6 Nxd4 27.c7 Ne2+ 
28.Kf1 Re8 29.Kxe2 Rc8 30.Nd5 Bxc5 31.Rb1 b6 32.Nxb6 Rxc7 33.Nxc4 f5 34.
Nxa5 Re7+ 35.Kd3 Bxf2 36.Rb8+ Kf7 37.Rb7 Bg1 38.h3 g5 39.Rxe7+ Kxe7 40.Nb3
Ba7 41.Nd4 Kf6 42.a4 g4 43.hxg4 fxg4 44.Nc6 Bc5 45.Kc4 Bb6 46.a5 Bxa5 47.
Nxa5 Ke5 48.Kd3 Kf4 49.Ke2 h5 50.Kf2 h4 51.c4 Ke4 52.c5 Kd5 53.c6 Kd6 54.
Ke3 Kc7 55.Kf4 h3 56.gxh3 gxh3 57.Kg3 Kb6 58.Kxh3 1-0

[Event "64th POL-ch (w)"]
[Site "Warsaw POL"]
[Date "2012.02.24"]
[Round "7"]
[White "Matras-Clement, Agnieszka"]
[Black "Worek, Joanna"]
[Result "0-1"]
[WhiteElo "2305"]
[BlackElo "2234"]
[EventDate "2012.02.18"]
[PlyCount "84"]

1.e4 c5 2.c3 Nf6 3.e5 Nd5 4.d4 cxd4 5.Nf3 Nc6 6.cxd4 e6 7.Bc4 Be7 8.O-O 
O-O 9.Nc3 Nxc3 10.bxc3 d6 11.Qe2 dxe5 12.dxe5 Qa5 13.Qe4 Qa4 14.Rb1 Na5 
15.Bd3 Qxe4 16.Bxe4 Rb8 17.Rd1 b6 18.Nd4 Bb7 19.Bxb7 Rxb7 20.Nb5 Nc4 21.
Bf4 Na3 22.Nxa3 Bxa3 23.Rd3 Rc7 24.Rbd1 h6 25.Rd7 Rfc8 26.h3 Bb2 27.Rd8+ 
Rxd8 28.Rxd8+ Kh7 29.Bd2 Kg6 30.Rd3 Rc5 31.Rg3+ Kh7 32.Rf3 Kg8 33.Rf4 Rd5 
34.Rd4 Rxd4 35.cxd4 Bxd4 36.Bf4 g5 37.Bg3 Kg7 38.Bh2 b5 39.Kf1 a5 40.Ke2 
a4 41.f4 b4 42.Kd3 b3 0-1

[Event "64th POL-ch (w)"]
[Site "Warsaw POL"]
[Date "2012.02.24"]
[Round "7"]
[White "Szczepkowska-Horowska, Karina"]
[Black "Iwanow, Anna"]
[Result "1-0"]
[WhiteElo "2377"]
[BlackElo "2180"]
[EventDate "2012.02.18"]
[PlyCount "71"]

1.f4 d5 2.b3 Bg4 3.Bb2 Nc6 4.g3 h5 5.Bg2 e6 6.h3 Bf5 7.Nf3 Nf6 8.d3 Bc5 9.
Ne5 Qd6 10.Nd2 Be3 11.Nf1 Bb6 12.e3 Ba5+ 13.Kf2 Ne7 14.a4 c5 15.Qe2 Nc6 
16.Rd1 Qe7 17.e4 Bh7 18.exd5 exd5 19.Nxc6 bxc6 20.Qxe7+ Kxe7 21.Nd2 Ne8 
22.Rhe1+ Kd6 23.Re2 f6 24.Bf3 Bg6 25.Kg2 Nc7 26.Nc4+ dxc4 27.dxc4+ Nd5 28.
cxd5 Rae8 29.dxc6+ Kc7 30.Rd7+ Kb6 31.Rb7+ Ka6 32.Rxg7 Bf5 33.Bxf6 Rhf8 
34.Rxe8 Rxe8 35.Be5 Rd8 36.Be2+ 1-0

[Event "64th POL-ch (w)"]
[Site "Warsaw POL"]
[Date "2012.02.24"]
[Round "7"]
[White "Zawadzka, Jolanta"]
[Black "Majdan-Gajewska, Joanna"]
[Result "0-1"]
[WhiteElo "2358"]
[BlackElo "2387"]
[EventDate "2012.02.18"]
[PlyCount "84"]

1.e4 c5 2.Nf3 e6 3.d4 cxd4 4.Nxd4 a6 5.Nc3 Qc7 6.Bd3 Nf6 7.f4 d6 8.Qe2 Be7
9.Bd2 Nbd7 10.a4 Nc5 11.O-O Nxd3 12.Qxd3 b6 13.Rae1 Bb7 14.Rf3 Rc8 15.Rg3 
g6 16.b3 e5 17.Nde2 Qc6 18.fxe5 dxe5 19.Nc1 Rd8 20.Qe2 Nxe4 21.Nxe4 Qxe4 
22.Qxe4 Bxe4 23.Bc3 f5 24.Bxe5 O-O 25.Rc3 Bc5+ 26.Kf1 Rd5 27.Nd3 Rxe5 28.
Nxe5 Bd4 29.Rc7 Bxe5 30.Ra7 a5 31.Rd1 Bxc2 32.Rd5 Re8 33.Rd2 Bxb3 34.Rb7 
b5 35.axb5 a4 36.Ra7 Bc4+ 37.Kf2 Bf4 38.Rxa4 Be3+ 39.Kg3 Bxb5 40.Rda2 Bxa4
41.Rxa4 Bg5 42.Kf3 Kf7 0-1

[Event "64th POL-ch (w)"]
[Site "Warsaw POL"]
[Date "2012.02.25"]
[Round "8"]
[White "Kulon, Klaudia"]
[Black "Jaracz, Barbara"]
[Result "1/2-1/2"]
[WhiteElo "2238"]
[BlackElo "2281"]
[EventDate "2012.02.18"]
[PlyCount "80"]

1.e4 e5 2.Nf3 Nc6 3.Bb5 a6 4.Ba4 Nf6 5.O-O Be7 6.Re1 b5 7.Bb3 d6 8.c3 O-O 
9.d4 Bg4 10.d5 Na5 11.Bc2 c6 12.h3 Bc8 13.dxc6 Qc7 14.Nbd2 Qxc6 15.Nf1 Be6
16.a4 Nb7 17.Ng5 Bd7 18.Bb3 Nc5 19.axb5 axb5 20.Rxa8 Qxa8 21.Bc2 h6 22.Nf3
Bc6 23.N3d2 Ncxe4 24.Nxe4 Nxe4 25.Ne3 Bg5 26.Nf5 Rd8 27.Bxg5 Nxg5 28.Qg4 
Kf8 29.Rd1 Be4 30.Bb3 Bxf5 31.Qxf5 Qe4 32.Qxe4 Nxe4 33.Bd5 Nf6 34.Bc6 d5 
35.Bxb5 Rb8 36.Bc6 Rxb2 37.Bxd5 Rc2 38.c4 Nxd5 39.Rxd5 Rxc4 40.Rxe5 f6 
1/2-1/2

[Event "64th POL-ch (w)"]
[Site "Warsaw POL"]
[Date "2012.02.25"]
[Round "8"]
[White "Majdan-Gajewska, Joanna"]
[Black "Worek, Joanna"]
[Result "0-1"]
[WhiteElo "2387"]
[BlackElo "2234"]
[EventDate "2012.02.18"]
[PlyCount "58"]

1.e4 c5 2.Nf3 d6 3.d4 cxd4 4.Nxd4 Nf6 5.Nc3 a6 6.Be2 e6 7.Be3 Be7 8.O-O 
Bd7 9.f4 Nc6 10.Qe1 O-O 11.Qg3 Rc8 12.Rad1 b5 13.e5 Ne8 14.Nxc6 Rxc6 15.
Bd3 g6 16.Ne2 Ng7 17.Nd4 Rc8 18.f5 Bh4 19.Qf4 exf5 20.exd6 Re8 21.Qf3 Bf6 
22.Rde1 Be5 23.Qb7 Bxd6 24.c3 Ne6 25.Qxa6 Qc7 26.Nxb5 Bxh2+ 27.Kh1 Qg3 28.
Qa4 f4 29.Qa7 Qh4 0-1

[Event "64th POL-ch (w)"]
[Site "Warsaw POL"]
[Date "2012.02.25"]
[Round "8"]
[White "Rajlich, Iweta"]
[Black "Szczepkowska-Horowska, Karina"]
[Result "1-0"]
[WhiteElo "2428"]
[BlackElo "2377"]
[EventDate "2012.02.18"]
[PlyCount "127"]

1.d4 d5 2.c4 e6 3.Nc3 c5 4.cxd5 exd5 5.Nf3 Nc6 6.g3 Nf6 7.Bg2 Be7 8.O-O 
O-O 9.dxc5 Bxc5 10.Bg5 d4 11.Bxf6 Qxf6 12.Ne4 Qe7 13.Nxc5 Qxc5 14.Rc1 Qb6 
15.Qc2 h6 16.Nd2 Bg4 17.Nc4 Qc5 18.Bxc6 Qxc6 19.Ne5 Qe6 20.Nxg4 Qxg4 21.
Qd3 Rfe8 22.Rc2 Qe6 23.a3 Rad8 24.Rd1 Rd5 25.Qf3 b6 26.Rdd2 Rc5 27.b4 Rc4 
28.Rxc4 Qxc4 29.Kg2 Re6 30.Rd3 a6 31.h4 Re5 32.h5 b5 33.Qa8+ Kh7 34.Qf3 
Kg8 35.Rd2 Re6 36.Qg4 Qd5+ 37.Kg1 Rc6 38.f3 Rc4 39.Kg2 Qe5 40.Qe4 Qxe4 41.
fxe4 Kf8 42.Kf3 Ke7 43.Kf4 Ke6 44.Rd3 g5+ 45.hxg6 fxg6 46.e5 Rc2 47.e3 g5+
48.Ke4 dxe3 49.Rd6+ Ke7 50.Kxe3 Rc3+ 51.Ke4 Rxa3 52.g4 Rg3 53.Rxh6 Rxg4+ 
54.Kd5 Rxb4 55.Rxa6 Ra4 56.Rb6 b4 57.Rb7+ Kf8 58.Ke6 g4 59.Kf6 Ra8 60.Rxb4
g3 61.e6 g2 62.Rh4 g1=Q 63.Rh8+ Qg8 64.e7+ 1-0

[Event "64th POL-ch (w)"]
[Site "Warsaw POL"]
[Date "2012.02.26"]
[Round "9"]
[White "Chrzaszcz, Malvina"]
[Black "Majdan-Gajewska, Joanna"]
[Result "0-1"]
[WhiteElo "2074"]
[BlackElo "2387"]
[EventDate "2012.02.18"]
[PlyCount "96"]

1.e4 c5 2.Nf3 e6 3.d4 cxd4 4.Nxd4 a6 5.Bd3 Nf6 6.c4 d6 7.Nc3 Be7 8.O-O O-O
9.Qe2 Nbd7 10.f4 Qc7 11.Kh1 Re8 12.Bd2 b6 13.Rae1 g6 14.Bb1 Bb7 15.e5 Nh5 
16.f5 Nxe5 17.fxe6 fxe6 18.Nxe6 Qxc4 19.Qxc4 Nxc4 20.Bh6 Bh4 21.Re2 d5 22.
b3 Nd6 23.Na4 Bc6 24.g4 Nf6 25.g5 Ng4 26.Rf4 Nxh6 27.Rxh4 Nhf5 28.Rb4 Bb5 
29.Re1 Ng7 30.Nxb6 Ra7 31.a4 Rb7 32.axb5 Rxb6 33.Rd4 Nxb5 34.Rxd5 Rbxe6 
35.Rxe6 Nxe6 36.Re5 Kf8 37.Bd3 Nf4 38.Rxe8+ Kxe8 39.Bc4 Nh3 40.Kg2 Nxg5 
41.h4 Ne4 42.Bg8 Nf6 43.Bc4 Ke7 44.Kf3 Nd7 45.Kf4 Kf6 46.Ke4 Nd6+ 47.Kd5 
Nxc4 48.bxc4 a5 0-1

[Event "64th POL-ch (w)"]
[Site "Warsaw POL"]
[Date "2012.02.26"]
[Round "9"]
[White "Szczepkowska-Horowska, Karina"]
[Black "Kulon, Klaudia"]
[Result "1-0"]
[WhiteElo "2377"]
[BlackElo "2238"]
[EventDate "2012.02.18"]
[PlyCount "161"]

1.e4 c5 2.Nf3 Nc6 3.d4 cxd4 4.Nxd4 Nf6 5.Nc3 d6 6.Bg5 Bd7 7.Be2 Qa5 8.Bxf6
gxf6 9.O-O Rg8 10.Kh1 Rc8 11.f4 Nxd4 12.Qxd4 f5 13.e5 Qc5 14.Qxc5 Rxc5 15.
exd6 e6 16.Rad1 Rc6 17.Bb5 Rb6 18.Bxd7+ Kxd7 19.b3 Rc6 20.Rf3 Bg7 21.Nb5 
a6 22.Na3 Bf6 23.Rfd3 b5 24.c4 Rb8 25.R1d2 Bd8 26.g3 Ba5 27.Rc2 b4 28.Nb1 
Rxd6 29.Rxd6+ Kxd6 30.Kg2 Kc5 31.Kf3 Rd8 32.Ke2 h5 33.Nd2 h4 34.Nf3 hxg3 
35.hxg3 Rg8 36.Ng5 Kc6 37.Kf3 Rg7 38.Rd2 Bc7 39.Rh2 Bd8 40.Rh8 Bxg5 41.
fxg5 Rxg5 42.Rh7 f4 43.gxf4 Rf5 44.Ke4 Kd6 45.Rh8 Ra5 46.Rd8+ Kc7 47.Rd2 
Rh5 48.Rg2 Kd6 49.Rg5 f5+ 50.Kd4 Rh2 51.c5+ Kc6 52.Rg8 Re2 53.Ra8 Re4+ 54.
Kd3 Kb7 55.Rd8 a5 56.Rd4 Re1 57.Kc4 Re2 58.Rd6 Rxa2 59.Rxe6 a4 60.bxa4 
Rxa4 61.Rb6+ Kc7 62.Rxb4 Ra1 63.Kd5 Rd1+ 64.Ke5 Kc6 65.Rd4 Re1+ 66.Kxf5 
Kxc5 67.Rd8 Kc6 68.Kf6 Rf1 69.f5 Rf2 70.Kg6 Rg2+ 71.Kf7 Rf2 72.f6 Rf1 73.
Kg7 Rg1+ 74.Kf8 Rf1 75.f7 Rg1 76.Rd4 Kc5 77.Re4 Kd5 78.Re2 Ra1 79.Ke7 Ra7+
80.Kf6 Ra1 81.f8=Q 1-0

[Event "64th POL-ch (w)"]
[Site "Warsaw POL"]
[Date "2012.02.26"]
[Round "9"]
[White "Worek, Joanna"]
[Black "Iwanow, Anna"]
[Result "1/2-1/2"]
[WhiteElo "2234"]
[BlackElo "2180"]
[EventDate "2012.02.18"]
[PlyCount "180"]

1.d4 Nf6 2.c4 g6 3.Nc3 Bg7 4.e4 d6 5.Nf3 O-O 6.h3 e5 7.d5 a5 8.Bg5 Nbd7 9.
g4 Nc5 10.Nd2 Bd7 11.Be2 c6 12.Nb3 Na6 13.Qd2 a4 14.Nc1 Nc5 15.f3 h6 16.
Be3 cxd5 17.cxd5 Qa5 18.Nd3 Kh7 19.Nxc5 dxc5 20.Nb1 Qc7 21.Na3 Ne8 22.Rc1 
b6 23.Nb5 Bxb5 24.Bxb5 Nd6 25.Bc6 Ra7 26.h4 h5 27.gxh5 gxh5 28.Rg1 f5 29.
Qg2 Qf7 30.Ke2 f4 31.Bf2 Bh6 32.Qh3 Qf6 33.Qe6 Qxe6 34.dxe6 Rf6 35.Bd7 Bf8
36.Rg5 Rg6 37.Rxh5+ Kg8 38.Rg1 Rxg1 39.Bxg1 Nc4 40.Rf5 Kh7 41.Rf7+ Kg8 42.
e7 Bxe7 43.Rxe7 Kf8 44.Rh7 Kg8 45.Be6+ Kxh7 46.Bxc4 a3 47.b3 Kh6 48.Bf2 
Kh5 49.Bb5 Re7 50.Be1 Kh6 51.b4 Rg7 52.bxc5 bxc5 53.Bc4 Kh5 54.Bd5 Rg1 55.
Bf7+ Kh6 56.Bc3 Kg7 57.Bd5 Kf6 58.Ba5 Rg2+ 59.Ke1 Rc2 60.Bd8+ Kg7 61.Be7 
Rc3 62.Ke2 Rc2+ 63.Kd3 Rf2 64.Bxc5 Rxf3+ 65.Ke2 Rh3 66.Be7 Rh2+ 67.Kf1 Rh3
68.Kg2 Rc3 69.h5 Kh6 70.Bf6 Rc2+ 71.Kf3 Rc3+ 72.Kg4 Rg3+ 73.Kh4 Rg2 74.
Bxe5 f3 75.Bf4+ Kh7 76.Kh3 Rg1 77.Be3 Rg2 78.Ba7 Rg5 79.Bb3 Rg2 80.e5 Re2 
81.Kg3 Rxe5 82.Kxf3 Rxh5 83.Ke3 Kg7 84.Kd3 Kf8 85.Kc3 Ra5 86.Bb6 Ra6 87.
Be3 Ke8 88.Bc4 Rc6 89.Kb3 Rxc4 90.Kxc4 Kd7 1/2-1/2